000 00683nam a2200205Ia 4500
999 _c3730
_d3730
020 _a0-7006-0882-6
082 _a305.800973 MUL-
245 0 _aMulticulturalism and American democracy
260 _aLawrence
_bUniversity Press of Kansas
_c1998
300 _aviii; 237p.
504 _aSymposium on science, reason, and modern democracy, held in 1993 at Michigan State University
650 _aEthnicity - United States
650 _aPluralism (Social sciences) - United States
650 _aDemocracy - United States
650 _aMulticulturalism - United States
700 _aWeinberger, Jerry
700 _aMelzer, Arthur M.
700 _aZinman, M. Richard
942 _cBK